Loading...
സ്വാമി വിവേകാനന്ദൻ /
| Main Author: | |
|---|---|
| Format: | Printed Book |
| Language: | Malayalam |
| Published: |
ന്യൂഡൽഹി:
സാഹിത്യ അക്കാദമി,
1963.
|
| LEADER | 00614nam a2200145Ia 4500 | ||
|---|---|---|---|
| 008 | 180320b1963 ii ||||| |||| 00| 0 mal d | ||
| 041 | |a mal | ||
| 100 | 1 | |a ദാമോദരൻ, എൻ.കെ., |9 110258 |d 1909-1996. | |
| 245 | |a സ്വാമി വിവേകാനന്ദൻ / |c എൻ.കെ ദാമോദരൻ | ||
| 246 | |a Swami Vivekanandan | ||
| 260 | |b സാഹിത്യ അക്കാദമി, |c 1963. |a ന്യൂഡൽഹി: | ||
| 300 | |a 234pages. | ||
| 942 | |c BK |2 ddc | ||
| 999 | |c 220415 |d 220415 | ||
| 952 | |0 0 |1 3 |4 0 |7 0 |9 243426 |a MAL |b MAL |c ST1 |d 2011-12-05 |g 1.00 |l 0 |p MAL1605 |r 2015-04-13 |v 1.00 |w 2018-08-20 |y BK | ||